Statistics for China A-Z

Click here to take the quiz!

General Stats

  • This quiz has been taken 15,795 times
  • The average score is 20 of 26

Answer Stats

Clue Answer % Correct
BCapital cityBeijing
99%
KMartial arts style: ____ FuKung
97%
MMost commonly-spoken dialectMandarin
96%
YCounterpart of YinYang
95%
OChina fought two wars over this drugOpium
94%
VCountry bordered by ChinaVietnam
93%
SLuxury fabric invented in ChinaSilk
91%
RStaple cropRice
90%
AMedical treatment with
lots of needles
Acupuncture
90%
GLargest desertGobi
89%
JPopular green stoneJade
87%
FImperial palace: _________ CityForbidden
86%
T1989 massacre site: ________ SquareTiananmen
85%
WMost common family nameWang
83%
DBite-sized Cantonese food:
___ Sum
Dim
83%
CMost well-known philosopherConfucius
83%
PType of ceramic invented in ChinaPorcelain
70%
ZMao's given nameZedong
69%
QManchu dynastyQing
69%
ETallest mountainEverest
68%
IWhat Hainan and Lantau areIslands
65%
H92% of Chinese are this
ethnic group
Han
65%
NCity whose name means
"Southern Capital"
Nanjing
65%
LFounder of TaoismLaozi
57%
XAt ______ did Kubla Khan a stately
pleasure-dome decree
Xanadu
42%
UNorthwestern ethnic group - some
have blue eyes
Uyghur
36%

Score Distribution

Percentile by Number Answered

Percent of People with Each Score

Your Score History

You have not taken this quiz